000 00237nmm a2200085Ia 4500
008 220120s9999||||xx |||||||||||||||||und||
100 _aCHIP magazine
245 0 _aPower tools pack; 10 free accounting applications, Game Dem
260 _c2013
999 _c139851
_d139851